| 000 | 00579nam a2200229Ia 4500 | ||
|---|---|---|---|
| 003 | OSt | ||
| 005 | 20230517112732.0 | ||
| 008 | 210423s2014 xx 000 0 und d | ||
| 020 | _a978-93-83096-36-7 | ||
| 040 | _cAL | ||
| 041 | _aeng | ||
| 082 | _a339 IQBI | ||
| 100 |
_aIQBAL (Naila) _9106459 |
||
| 245 | _aIssues in macroeconomics | ||
| 260 |
_aJaipur _bHorizon scientific press _c2014 |
||
| 300 |
_aviii,296 _bHB |
||
| 365 |
_b1625 _cINR |
||
| 650 |
_aEconomics _9106460 |
||
| 650 |
_aMacroeconomics _9106461 |
||
| 906 | _aIssues ; macroeconomics | ||
| 942 |
_2ddc _cBK |
||
| 999 |
_c167554 _d167554 |
||